| 000 | 00000nam##2200000za#4500 |
| 001 | 9.686304 |
| 003 | CaOODSP |
| 005 | 20210624230456 |
| 007 | cr ||||||||||| |
| 008 | 150407|2002||||xxc|||||o f|0| 0 eng|d |
| 020 | |a0-662-32261-4 |
| 040 | |aCaOODSP|beng |
| 043 | |an-cn--- |
| 086 | 1 |aBT22-83/2002E-PDF |
| 110 | 1 |aCanada. |bTreasury Board. |
| 245 | 10|aAccess to information - making it work for Canadians : |h[electronic resource]|breport of the Access to Information Review Task Force |
| 260 | |aOttawa - Ontario : |bTreasury Board of Canada Secretariat |cJune 2002. |
| 300 | |a237p.|bfigs., graphs, references, tables |
| 500 | |aIncorrect catalogue number (BT22-83/2002-MRC) and ISBN (0-662-66665-8) copied in this PDF edition. |
| 590 | |a10-01-Supp|b2010-04-07 |
| 775 | 08|tAccès à l'information - comment mieux servir les Canadiens : |w(CaOODSP)9.630780 |
| 776 | 0#|tAccess to information: making it work for Canadians : |w(CaOODSP)9.663837 |
| 776 | 0#|tAccès à l'information: comment mieux servir les Canadiens : |w(CaOODSP)9.663838 |
| 776 | 0#|tAccess to information: making it work for Canadians / |w(CaOODSP)9.663839 |
| 776 | 0#|tAccès à l'information: comment mieux servir les Canadiens / |w(CaOODSP)9.663840 |
| 856 | 40|ahttp://publications.gc.ca|qPDF|s923 KB|uhttps://publications.gc.ca/collections/Collection/BT22-83-2002E.pdf |